00628 a2200181 4500003000400000005001700004008004100021020001800062040000900080082001800089100003900107245006400146260002700210300001200237942004200249952013800291999001700429OSt20240905103844.0231019b |||||||| |||| 00| 0 eng d a9282745123855 coclc a892.78bMAN/F aManfaluti, Mustafa Lotfi Al910491 aFADEELATH AW BOOL-MANFALOOTHI /cMustafa Lotfi Al-Manfaluti b DKI ;aBeirut:c1971. a168p. ; 2ddccBKh892.78k892.78iMAN/FmMAN/F 00102ddc40708MISCELLANEOUSaMESbMEScARBd2023-10-19l0o892.78 MAN/Fp42856r2023-10-19 14:41:15v250.00w2023-10-19yBKzGR5R4 c42624d42624